| 000 | 01719nam a2200385 i 4500 | ||
|---|---|---|---|
| 003 | DO-SdBNP | ||
| 005 | 20240702100145.0 | ||
| 006 | a||||fr|||| 00| 0 | ||
| 007 | ta | ||
| 008 | 230720e2022 dr |||| |||| 00| 0 spa d | ||
| 020 | _a9789945621686 | ||
| 020 | _a9789945621693 (Electrónico) | ||
| 040 |
_aDO-SdBNP _bspa _cBNPHU _erda |
||
| 082 | 4 |
_a614.542 _bR426m 2022 _222 |
|
| 110 | 1 |
_aRepública Dominicana _bMinisterio de Salud Pública y Asistencia Social _978774 |
|
| 245 | 1 | 0 |
_aManual de estándares de calidad y humanización para la atención a personas con tuberculosis / _cequipo elaborador, Clara De La Cruz, Anyeli García, María Rodríguez, Edna Nadal Bargalló ; coordinación editorial, Rosa María Cruz. |
| 264 |
_aSanto Domingo : _bMinisterio de Salud Pública y Asistencia Social : _b El Fondo Mundial, _c2022 |
||
| 300 |
_a54 páginas : _bilustraciones, gráficas ; _c27 cm. |
||
| 336 |
_2rdacontent _atexto _btxt |
||
| 337 |
_2rdaconten _asin medición _bn |
||
| 338 |
_2rdacarrier _avolumen _bnc |
||
| 500 | _aIncluye siglas y acrónimos. | ||
| 504 | _aBibliografía: p. 54 | ||
| 505 |
_aSiglas y Acrónimos.-- Presentación.-- Resolución ministerial No. 0019 - 2022 _gParte 1 Marco General. _tIntroducción. _gParte 2 Estándares. _tBibliografía. |
||
| 590 | _aInventariado 2023 / MF | ||
| 650 | 4 |
_aTuberculosis _xTratamiento _979001 |
|
| 650 | 4 |
_aTuberculosis _xPrevención y control _985868 |
|
| 650 | 4 |
_2Decs _aHumanización de la atención _985869 |
|
| 700 | 1 |
_aDe La Cruz, Clara _985871 |
|
| 700 | 1 |
_aGarcía, Anyeli _985872 |
|
| 700 | 1 |
_aRodríguez, María _985873 |
|
| 700 | 1 |
_aNadal Bargalló, Edna _985874 |
|
| 700 | 1 |
_aCruz, Rosa María _ecoordinadora _985875 |
|
| 942 |
_2ddc _cLBS1 |
||
| 999 |
_c54219 _d54219 |
||